01815nam a22003615i 450000100090000000300050000900500170001400800410003101000170007202000180008904000290010704200080013605000150014408200240015910000290018324501120021225000190032426300090034326400610035230000550041333600260046833700280049433800270052250400510054950505270060065000320112770000270115970000310118690600450121794200470126295201270130999900170143622969542CSPC20250326155935.0230211s2023 inu 000 0 eng  a 2023932629 a9781119901099 aDLCbengerdacDLCdCSPC apcc00aQA76.9.H8500a004.019 bR631i2231 aRogers, Yvonne,eauthor.10aInteraction design :bbeyond human-computer interaction /cYvonne Rogers, Helen Sharp, and Jennifer Preece. aSixth edition. a2303 1aHoboken, New Jersey :bJohn Wiley and Sons, Inc.,c2023. axxi, 689 pages : bcolor illustrations ; c24 cm.  atextbtxt2rdacontent aunmediatedbn2rdamedia avolumebnc2rdacarrier aIncludes bibliographical references and index.0 aWhat is interaction design -- The process of interaction design -- Conceptualizing interaction -- Cognitive aspects -- Social interaction -- Emotional interaction -- Interfaces -- Data gathering -- Data analysis, interpretation, and presentation -- Data at scale and ethical concerns -- Discovering requirements -- Design, prototyping and construction -- Interaction design in practice -- Introducing evaluation -- Evaluation studies: from controlled to natural settings -- Evaluation: inspections, analytics, and models.  0aHuman-computer interaction.1 aSharp, Helen,eauthor.1 aPreece, Jennifer,eauthor. a0bibccorignewd2eepcnf20gy-gencatlg 2ddccBKh004.019 iR631ikCIRm2023n0e23 00102ddc4070aCSPCbCSPCcCIRd2025-03-26l0oCIR 004.019 R631i 2023p029312r2025-03-26 11:47:35t1-1w2025-03-26yBK c29339d29339